000 00613nam a2200253 a 4500
001 nice12345678
003 IN_TiNIC
005 20260116011502.0
008 050524s0000 boba grp 000 0 eng
020 _a
_c100
082 0 0 _a297.822
_bIVA7
100 _aIvanow, W
245 _aIsmaili Poem in Praise of Fidawis
260 _aBobbay
_bNur-I-Jehan Publications
_c0000
300 _a8p
500 _aincludes index and biblioraphy
505 2 _aIndex
650 _aMuslims-India-politics
650 _aIsmailis-Hitory
700 1 _aIvanow, W
902 _bRBA
942 _cBK
999 _c1951
_d1951